000 00896nam a22002772 4500
001 3036
003 BD-RjUL
005 20211208233649.0
008 131218r19651959xxu 000 0 eng c
035 _aOCLC ocm00412187 from D970418M
_a(BD-RjUL)3070
040 _aCSU
_cCSU
_dEQO
_dBD-RjUL
_beng
041 _aeng
082 0 4 _219
_a331.116
_bBEP 1965
100 1 _aBeal, Edwin Fletcher.
_99654
245 1 4 _aThe practice of collective bargaining /
_cby Edwin F. Beal and Edward D. Wickersham.
250 _aRevised ed.
260 _aHomewood, Ill. :
_bR.D. Irwin,
_cc1959 [Printing 1965].
300 _a772 p. ;
_c24cm.
490 1 _aIrwin series in economics
504 _aIncludes bibliography.
650 0 _aCollective bargaining
_zUnited States.
_97752
700 1 _aWickersham, Edward D.
_99655
830 0 _aIrwin series in economics
_99658
942 _2ddc
_cBK
999 _c3036
_d3036